| 000 | 00913nam a2200289 i 4500 | ||
|---|---|---|---|
| 001 | bg | ||
| 100 | 1 |
_aSIMPSON, Alan _d(1953- ). |
|
| 245 | 1 | 0 |
_aWindows XP PL : _bbiblia / _cAlan Simpson ; [tł. Maciej Gołębiewski, Piotr Pilch, Katarzyna Słodownik]. |
| 246 |
_iTyt. oryg.: _aWindows XP bible |
||
| 260 |
_aGliwice : _b"Helion", _ccop. 2003. |
||
| 300 |
_a787 s. : _bil. ; _c25 cm. |
||
| 500 | _aTyt. oryg.: "Windows XP bible" 2001. | ||
| 504 | _aIndeks. | ||
| 650 | 9 | _aWindows XP | |
| 655 | _aPodręczniki | ||
| 700 | 1 |
_aSŁODOWNIK, Katarzyna. _eTł. |
|
| 700 | 1 |
_aPILCH, Piotr. _eTł. |
|
| 700 | 1 |
_aGOŁĘBIEWSKI, Maciej. _eTł. |
|
| 020 | _a8371977425 | ||
| 040 | _cBPK | ||
| 041 | 1 |
_apol _heng |
|
| 080 | _a004.451(07) | ||
| 920 | _a83-7197-742-5 | ||
| 942 | _cKS | ||
| 008 | s pl f |000 0 pol | ||
| 999 |
_c43575 _d43575 |
||
| 856 |
_uhttp://koha.tu.koszalin.pl/cgi-bin/koha/opac-detail.pl?biblionumber=43575 _yKatalog online BPK |
||